000 03416nam0a2200457 4500
001 RU\NLR\BIBL_A\016272223
005 20260407113704.0
035 _a(NLR Aleph) 016272223
090 _a12890123
_c12890123
100 _a20200220d1903 |||y0rusy50 ca
101 0 _arus
102 _aRU
105 _ay z 000zy
181 0 _ai
_baxxe
182 0 _an
200 1 _aОб отпуске средств на устройство и содержание ремесленного отделения по сапожно-башмачному ремеслу при Ховринском начальном училище Симбирской губернии
_eпредставление по этому делу при сем прилагается в печатном экземпляре
_fГосударственный Совет в Департаменте промышленности, наук и торговли. Министерство народного просвещения. 24 октября 1903 года. № 86
203 _aТекст
_bвизуальный
_cнепосредственный
210 _a[Cанкт-Петербург
_cб. и.]
_d1903
215 _a2 с.
_d34
300 _aВ конце текста: Подписали: Н. Чихачов, А. Горемыкин, Н. Петров [и др.]; Скрепил: Исправляющий должность Статс-Секретаря Н. Покровский
300 _aНа 1-й с.: MLXIX, 2
309 _aБез тит. л. и обл.
316 _aЭкз. РНБ входит в конволют: Материалы. Т. 26 (1903) / Россия. Государственный совет. Департамент промышленности, наук и торговли
_5NLR
517 1 _aМатериалы. Т. 26 (1903)
601 0 2 _aРоссия
_bМинистерство народного просвещения
_jДокументы и материалы
_92444897
_3RU\NLR\AUTH\661454178
601 0 2 _aХовринское начальное училище
_bРемесленное отделение
_cСимбирская губерния
_jДокументы и материалы
_92573034
_3RU\NLR\AUTH\6601732730
686 3 _aЧ34(28)к211
686 3 _aЧ464(28)717
702 1 _4720
_7ca
_8rus
_aЧихачёв
_bН. М.
_cадмирал, гос. деятель
_f1830-1917
_gНиколай Матвеевич
_9197499
_3RU\NLR\AUTH\770197550
702 1 _aГоремыкин
_bА.
_4720
702 1 _4720
_8rus
_7ca
_aПетров
_bН. С.
_cгос. деятель
_f1833-1913
_gНиколай Степанович
_3RU\NLR\AUTH\7782850
_965778
702 1 _4720
_7ca
_8rus
_aПокровский
_bН. Н.
_cгос. деятель
_f1865-1930
_gНиколай Николаевич
_9153763
_3RU\NLR\AUTH\770153801
711 0 1 _aРоссия
_bМинистерство народного просвещения
_3RU\NLR\AUTH\889944176
_9383530
711 0 2 _aХовринское начальное училище
_bРемесленное отделение
_cСимбирская губ.
_9872532
_3RU\NLR\AUTH\880600681
712 0 1 _4570
_aРоссия
_bДепартамент промышленности, наук и торговли
_9829039
_3RU\NLR\AUTH\880581644
852 _aNLR
_j135/295-26(23)
942 _cBOOK
980 _aNB